[Event "3rd Sharjah Masters 2019"]
[Site "Sharjah UAE"]
[Date "2019.03.25"]
[Round "4.23"]
[White "Bharath, Subramaniyam H"]
[Black "Harsha, Bharathakoti"]
[Result "1/2-1/2"]
[WhiteTitle "CM"]
[BlackTitle "GM"]
[WhiteElo "2301"]
[BlackElo "2497"]
[WhiteFideId "46634827"]
[BlackFideId "5078776"]
[EventDate "2019.03.22"]

1. e4 e6 2. d4 d5 3. Nc3 Bb4 4. exd5 exd5 5. Bd3 Nc6 6. a3 Bxc3+ 7. bxc3 Nge7 8.
Ne2 Bf5 9. Rb1 b6 10. O-O O-O 11. Ng3 Bxd3 12. cxd3 Qd7 13. Bf4 Rae8 14. Qf3 Ng6
15. Nh5 Nxf4 16. Nxf4 Ne7 17. Rfe1 c6 18. Nh5 Qf5 19. Qxf5 Nxf5 20. Ng3 Nd6 21.
Kf1 f6 22. Rbc1 Rxe1+ 23. Kxe1 f5 24. f4 Kf7 25. Nf1 Re8+ 26. Kf2 c5 27. dxc5
bxc5 28. Ne3 c4 29. dxc4 dxc4 30. Rd1 Ke6 31. Rd5 g6 32. Re5+ Kf7 33. Rd5 Ke6
34. Re5+ Kf7 35. Rd5 Ne4+ 36. Kf3 Nxc3 37. Rd4 Re4 38. Rxc4 Rxc4 39. Nxc4 Ke6
40. Ke3 Nd5+ 41. Kf3 Nc3 42. Ke3 Kd5 43. Kd3 Ne4 44. Ne3+ Kc5 45. Nd1 a5 46. Nb2
Nf2+ 47. Ke2 Ng4 48. h3 Nf6 49. Kd3 Nd5 50. Na4+ Kb5 51. Nc3+ Nxc3 52. Kxc3 Ka4
53. Kb2 h6 54. h4 h5 55. g3 Kb5 56. Kb3 a4+ 57. Kc3 Kc5 1/2-1/2

[Event "3rd Sharjah Masters 2019"]
[Site "Sharjah UAE"]
[Date "2019.03.25"]
[Round "4.24"]
[White "Ajay, Karthikeyan"]
[Black "Karthik, Venkataraman"]
[Result "1/2-1/2"]
[BlackTitle "GM"]
[WhiteElo "2298"]
[BlackElo "2494"]
[WhiteFideId "35011685"]
[BlackFideId "25006479"]
[EventDate "2019.03.22"]

1. d4 g6 2. e4 Bg7 3. Nc3 d6 4. Nf3 a6 5. a4 Nf6 6. Bf4 Nc6 7. h3 O-O 8. d5 e5
9. Be3 Ne7 10. Bc4 Nh5 11. g4 Nf4 12. Bxf4 exf4 13. Qd2 f5 14. gxf5 Kh8 15.
O-O-O gxf5 16. Rhg1 b5 17. Bd3 Qe8 18. Rxg7 Kxg7 19. Rg1+ Ng6 20. Ng5 Kh8 21.
Ne2 Qe7 22. Nd4 Ne5 23. exf5 Rg8 24. Qxf4 Qf6 25. h4 bxa4 26. Nde6 Rb8 27. Qd4
h6 28. Kb1 Bxe6 29. fxe6 Rbf8 30. Nf7+ Qxf7 31. exf7 Rxg1+ 32. Ka2 Rxf7 33. h5
Rg4 34. Qe3 Kg7 35. Be2 Rgf4 36. Qg3+ Kf8 37. Bxa6 Rxf2 38. Qe3 Kg7 39. Qg3+ Kh8
40. Qe3 Kg7 41. Qg3+ Kf8 42. Qe3 R2f6 43. Bc8 Nd7 44. Ba6 Nc5 45. Bb5 Re7 46.
Qd4 Re5 47. Bxa4 Nxa4 48. Qxa4 Rxh5 49. Qd7 Rf7 50. Qc8+ Kg7 51. c4 Rg5 52. Ka3
Rg3+ 53. Kb4 h5 54. Qd8 Rg4 55. Qc8 Rgf4 56. Kb5 h4 57. b4 R4f5 58. Qd8 Rh5 59.
Qc8 Kh7 60. Qg4 Rh6 61. Qh3 Rh5 62. Kc6 Rg7 63. c5 Rg3 64. Qd7+ Rg7 65. Qh3 Rg3
66. Qd7+ Kh6 67. Qe6+ Rg6 68. Qe3+ Kh7 69. Qe7+ Kh6 70. Qe3+ Kh7 71. Qe7+ Kh6
72. Qe3+ 1/2-1/2

[Event "3rd Sharjah Masters 2019"]
[Site "Sharjah UAE"]
[Date "2019.03.25"]
[Round "4.25"]
[White "Priyanka, Nutakki"]
[Black "Nigmatov, Ortik"]
[Result "0-1"]
[WhiteTitle "WIM"]
[BlackTitle "IM"]
[WhiteElo "2297"]
[BlackElo "2478"]
[WhiteFideId "25049615"]
[BlackFideId "14202131"]
[EventDate "2019.03.22"]

1. c4 Nf6 2. Nc3 g6 3. e4 d6 4. g3 Bg7 5. Bg2 O-O 6. Nge2 c5 7. O-O Nc6 8. d3
Ne8 9. Be3 Nd4 10. Qd2 a6 11. Bh6 Rb8 12. Bxg7 Nxg7 13. Nxd4 cxd4 14. Ne2 e5 15.
b4 b5 16. Rfc1 Bb7 17. c5 dxc5 18. Rxc5 Ne6 19. Rcc1 f5 20. f3 Qd6 21. a3 Rf7
22. Rf1 Rbf8 23. Rac1 Kg7 24. Rce1 h5 25. Nc1 f4 26. Ne2 g5 27. gxf4 exf4 28.
Kh1 g4 29. Rc1 Qe5 30. Qb2 Kh7 31. Ng1 Qg5 32. Qa2 Re7 33. Qd2 Qh4 34. Rc2 Bc8
35. Qe1 g3 36. Bh3 Ng5 37. Bxc8 Rxc8 38. Qd2 Rec7 39. Rfc1 Rc3 40. Rxc3 Rxc3 41.
Rc2 Kh6 42. Qd1 Nh3 43. Nxh3 Qxh3 44. Rg2 h4 45. Qd2 Kg5 46. Qf2 Rc1+ 47. Rg1
Kh5 48. Qe2 Rxg1+ 49. Kxg1 gxh2+ 50. Qxh2 Qxf3 51. Qc2 Qg3+ 52. Kh1 h3 53. Qc5+
Kg4 54. Qc2 Qe1+ 55. Kh2 Kf3 0-1

[Event "3rd Sharjah Masters 2019"]
[Site "Sharjah UAE"]
[Date "2019.03.25"]
[Round "4.26"]
[White "El Adnani, Mokliss"]
[Black "Koniahli, Malek."]
[Result "0-1"]
[WhiteTitle "IM"]
[BlackTitle "FM"]
[WhiteElo "2455"]
[BlackElo "2294"]
[WhiteFideId "9000410"]
[BlackFideId "7603495"]
[EventDate "2019.03.22"]

1. e4 e5 2. Nf3 Nc6 3. Bb5 a6 4. Ba4 Nf6 5. Bxc6 dxc6 6. d3 Nd7 7. Nbd2 Bc5 8.
Nc4 O-O 9. Be3 Bd6 10. O-O Re8 11. d4 Qe7 12. Re1 exd4 13. Bxd4 Bc5 14. e5 Nf8
15. Bxc5 Qxc5 16. Qd4 Qxd4 17. Nxd4 c5 18. Nb3 Be6 19. Ncd2 Rad8 20. Nf3 b6 21.
Nbd2 Ng6 22. Rad1 h6 23. a3 Bf5 24. c3 Bc2 25. Rc1 Ba4 26. b3 Bc6 27. Re3 Nf4
28. g3 Ng6 29. b4 Bd5 30. bxc5 bxc5 31. c4 Bc6 32. h4 Rb8 33. h5 Nf8 34. Ne1 Rb2
35. Ne4 Bxe4 36. Rxe4 Rd8 37. Rc2 Rb1 38. Kg2 Rdd1 39. Nf3 Rb3 40. Ree2 Rxa3 41.
Rb2 Ne6 42. Rb8+ Rd8 43. Rxd8+ Nxd8 44. Rb2 Ne6 45. Rb8+ Kh7 46. Nh4 Ra2 47. Kg1
Rd2 48. f4 Rd8 49. Rb7 g6 50. Ra7 Rd1+ 51. Kf2 Ra1 52. Ra8 Ra2+ 53. Kf1 g5 54.
Ng2 Ra3 55. Kf2 Nd4 56. Ne3 Ra2+ 57. Kf1 Ne2 58. Nf5 gxf4 59. gxf4 Nxf4 60. Rc8
Nxh5 61. Rxc7 Kg6 62. Ne7+ Kg5 63. Rxc5 Ng3+ 64. Ke1 Kf4 65. Nd5+ Kxe5 66. Nb4+
Kd4 67. Rc7 Rb2 68. Nxa6 f5 69. c5 f4 70. c6 f3 71. Rf7 Ke3 72. Kd1 Rb1+ 73. Kc2
Rb6 74. c7 Rc6+ 75. Kb3 f2 76. Nb4 Rc5 77. Rxf2 Rxc7 78. Rh2 Rh7 79. Nd5+ Kf3
80. Nf6 Rh8 81. Kc2 Nf5 82. Nh5 Rc8+ 83. Kd2 Rd8+ 84. Ke1 Rd6 85. Rf2+ Kg4 86.
Nf4 Ra6 87. Ne2 Ra1+ 88. Kd2 h5 89. Rf4+ Kg5 90. Rb4 Rf1 91. Rb8 Kg4 92. Rg8+
Kh3 93. Ng1+ Kh2 94. Rg5 Ng3 95. Nf3+ 0-1

[Event "3rd Sharjah Masters 2019"]
[Site "Sharjah UAE"]
[Date "2019.03.25"]
[Round "4.27"]
[White "Ranaldi, Lucas"]
[Black "Sadhwani, Raunak"]
[Result "0-1"]
[WhiteTitle "FM"]
[BlackTitle "IM"]
[WhiteElo "2279"]
[BlackElo "2455"]
[WhiteFideId "1519484"]
[BlackFideId "35093487"]
[EventDate "2019.03.22"]

1. c4 Nf6 2. Nf3 g6 3. Nc3 Bg7 4. e4 d6 5. d4 O-O 6. Be2 Nbd7 7. O-O e5 8. Re1
c6 9. Bf1 exd4 10. Nxd4 Re8 11. Nc2 Nc5 12. f3 Nh5 13. g4 Nf6 14. Be3 h5 15. g5
Nh7 16. Qd2 Ne6 17. h4 f6 18. f4 Nc5 19. b4 Nxe4 20. Nxe4 Rxe4 21. Bd3 Re7 22.
Bxg6 fxg5 23. hxg5 Bxa1 24. Rxa1 Qd7 25. Qg2 Qg4 26. Bd3 Bd7 27. Qxg4 Bxg4 28.
g6 Nf6 29. Bd4 Rf8 30. Ne3 Ne4 31. Nxg4 hxg4 32. Rf1 Nd2 33. Rf2 Nf3+ 34. Rxf3
gxf3 35. f5 Re1+ 36. Kf2 Rd1 0-1

[Event "3rd Sharjah Masters 2019"]
[Site "Sharjah UAE"]
[Date "2019.03.25"]
[Round "4.28"]
[White "Amdouni, Zoubaier"]
[Black "Aditya, Mittal"]
[Result "0-1"]
[WhiteTitle "FM"]
[BlackTitle "CM"]
[WhiteElo "2275"]
[BlackElo "2454"]
[WhiteFideId "5500419"]
[BlackFideId "35042025"]
[EventDate "2019.03.22"]

1. e4 c5 2. Nf3 d6 3. d4 cxd4 4. Nxd4 Nf6 5. Nc3 a6 6. Bc4 e6 7. Bb3 Nbd7 8. Bg5
Nc5 9. f4 Be7 10. Qf3 Qc7 11. O-O-O b5 12. Nf5 Nxb3+ 13. axb3 exf5 14. Bxf6 gxf6
15. Nd5 Qd8 16. e5 fxe5 17. fxe5 Be6 18. Nxe7 Kxe7 19. Rxd6 Qc7 20. Qf4 Rac8 21.
Qg5+ Ke8 22. c3 Qe7 23. Qg7 Rf8 24. Re1 Bxb3 25. Kb1 Qh4 26. g3 Qa4 27. e6 Qa2+
28. Kc1 Qa1+ 29. Kd2 Qxb2+ 30. Ke3 Rxc3+ 31. Kf4 Rc4+ 32. Kf3 Qxg7 33. e7 Qc3+ 0-1

[Event "3rd Sharjah Masters 2019"]
[Site "Sharjah UAE"]
[Date "2019.03.25"]
[Round "4.29"]
[White "Mullick, Raahil"]
[Black "Tokhirjonova, Gulrukhbegim"]
[Result "0-1"]
[WhiteTitle "CM"]
[BlackTitle "WGM"]
[WhiteElo "2275"]
[BlackElo "2434"]
[WhiteFideId "35080350"]
[BlackFideId "14203626"]
[EventDate "2019.03.22"]

1. e4 e5 2. Nf3 Nc6 3. Bb5 a6 4. Ba4 Nf6 5. O-O Bc5 6. c3 b5 7. Bb3 d6 8. d4 Bb6
9. a4 Bg4 10. d5 Ne7 11. Re1 Ng6 12. Qd3 Nd7 13. Bd1 Nc5 14. Qf1 bxa4 15. Be3
O-O 16. h3 Bc8 17. Nbd2 Rb8 18. Bc2 a5 19. Ra2 Ne7 20. g4 Ba6 21. c4 c6 22. Qg2
Nb3 23. Rxa4 Bxe3 24. Nxb3 Bb6 25. Nbd2 Ng6 26. dxc6 Qc7 27. Nb1 Qxc6 28. Qf1
Bb5 29. Nc3 Bxa4 30. Bxa4 Qc5 31. Nd5 Ba7 32. b3 Nf4 33. Nxf4 exf4 34. Rd1 Qa3
35. Qd3 Bc5 36. Qc2 Rb4 37. Kg2 Rfb8 38. Rd3 Rxa4 39. bxa4 Rb2 40. Qd1 Rxf2+ 41.
Kh1 Qa2 42. e5 Qxc4 43. exd6 Bxd6 44. Kg1 Qc5 45. Kh1 Bf8 46. Rd2 h6 47. Rxf2
Qxf2 48. Ng1 Bc5 49. Qd8+ Kh7 50. Qd3+ g6 51. Nf3 Qe3 52. Qd5 Kg7 53. Qd1 Qe4
54. Kg2 Be7 55. Qa1+ Bf6 56. Qd1 Kh7 57. Qb3 Qe2+ 58. Kh1 Kg7 59. Qd5 Qf2 60.
Qd3 Qc5 61. Kg2 Qb4 62. Qd7 Qb2+ 63. Kf1 Qc2 64. Kg1 h5 65. Kf1 Qc4+ 66. Kf2 Qe6
67. Qxe6 fxe6 68. Ke2 hxg4 69. hxg4 g5 70. Kd3 Kf7 71. Kc4 Ke7 72. Nd2 Kd6 73.
Nf3 Kc6 74. Nd2 e5 75. Ne4 Be7 76. Nd2 Bc5 77. Ne4 Be7 78. Nd2 Kd6 79. Ne4+ Ke6
80. Nd2 Bb4 81. Ne4 Be7 82. Nd2 Bd8 83. Ne4 f3 84. Kc5 Bb6+ 85. Kxb6 Kd5 86. Nd2
e4 87. Kxa5 f2 88. Nf1 Kd4 89. Kb6 e3 90. Ng3 Kd3 91. a5 e2 92. a6 f1=Q 93. Nxf1
exf1=Q 94. a7 Qf3 95. Kc7 Qa8 96. Kb6 Kc4 97. Ka6 Kc5 98. Ka5 Qxa7# 0-1

[Event "3rd Sharjah Masters 2019"]
[Site "Sharjah UAE"]
[Date "2019.03.25"]
[Round "4.30"]
[White "Kaabi, Mejdi"]
[Black "Laxman, R.R."]
[Result "0-1"]
[WhiteTitle "IM"]
[BlackTitle "GM"]
[WhiteElo "2266"]
[BlackElo "2425"]
[WhiteFideId "5500044"]
[BlackFideId "5005361"]
[EventDate "2019.03.22"]

1. d4 Nf6 2. c4 e6 3. Nf3 d5 4. Nc3 Bb4 5. cxd5 exd5 6. Bg5 h6 7. Bxf6 Qxf6 8.
e3 c6 9. h3 O-O 10. Bd3 Nd7 11. O-O Qe7 12. Qc2 Re8 13. a3 Bd6 14. Rfe1 Nf6 15.
e4 dxe4 16. Nxe4 Be6 17. Nc5 Bxc5 18. dxc5 Rad8 19. Bf5 Bxf5 20. Qxf5 Qd7 21.
Rxe8+ Nxe8 22. Qxd7 Rxd7 23. Rc1 Nc7 24. Kf1 Ne6 25. Rc4 Rd3 26. Ne1 Rb3 27. Rc2
g5 28. g3 Kg7 29. Kg2 Kf6 30. a4 a5 31. Rc4 Ke5 0-1

[Event "3rd Sharjah Masters 2019"]
[Site "Sharjah UAE"]
[Date "2019.03.25"]
[Round "4.31"]
[White "Divya, Deshmukh"]
[Black "Raja, Rithvik R"]
[Result "0-1"]
[WhiteTitle "WIM"]
[BlackTitle "IM"]
[WhiteElo "2266"]
[BlackElo "2423"]
[WhiteFideId "35006916"]
[BlackFideId "35007394"]
[EventDate "2019.03.22"]

1. d4 Nf6 2. Bg5 Ne4 3. Bf4 d5 4. e3 c5 5. Bd3 Nf6 6. c3 Qb6 7. Qc1 Nh5 8. Ne2
Nxf4 9. Nxf4 e6 10. O-O Bd6 11. Nh5 g6 12. Nf6+ Ke7 13. Ng4 f5 14. Ne5 Nd7 15.
f4 Nf6 16. Na3 Bd7 17. dxc5 Qxc5 18. Nxd7 Nxd7 19. Nc2 Qc7 20. Nd4 Nc5 21. Bc2
Rac8 22. Qe1 Kf7 23. Rd1 Be7 24. Rf2 a6 25. Rfd2 Rhd8 26. Qg3 Bf6 27. Qf3 Kg7
28. g4 Bxd4 29. exd4 Ne4 30. Rg2 Qe7 31. g5 Rh8 32. Bxe4 fxe4 33. Qg3 h5 34. h4
Rhf8 35. Rf1 b5 36. Qe1 Qd6 37. Qd2 Rf7 38. a3 a5 39. Rgf2 b4 40. axb4 axb4 41.
cxb4 Rc4 42. Rc1 Rxb4 43. Rc5 Rb3 44. Rc3 Qb6 45. Kg2 Rb4 46. Qc2 Qxd4 47. Rd2
Qb6 48. Rc6 Qe3 49. Rf2 Rb3 50. Kf1 Qh3+ 51. Ke1 Re3+ 52. Kd2 Rd3+ 53. Ke1 Qh1+
54. Ke2 d4 55. Qc1 Qxh4 56. Rc7 Qg4+ 57. Ke1 Qg1+ 58. Ke2 Qg4+ 59. Ke1 Re3+ 60.
Kd2 Qf5 61. Rxf7+ Qxf7 62. Qc5 Qd7 63. Kd1 Rd3+ 64. Ke1 Rh3 65. f5 Rh1+ 66. Ke2
exf5 67. Qb6 d3+ 68. Kd2 Rh3 69. Qf6+ Kh7 70. Rxf5 Qxf5 71. Qe7+ Kg8 72. Qd8+
Qf8 73. Qd5+ Qf7 74. Qd8+ Kh7 0-1

[Event "3rd Sharjah Masters 2019"]
[Site "Sharjah UAE"]
[Date "2019.03.25"]
[Round "4.32"]
[White "Poormosavi, Seyed Kian"]
[Black "Akash, G"]
[Result "0-1"]
[BlackTitle "IM"]
[WhiteElo "2261"]
[BlackElo "2411"]
[WhiteFideId "12585807"]
[BlackFideId "5040299"]
[EventDate "2019.03.22"]

1. Nf3 Nf6 2. g3 d5 3. Bg2 c6 4. O-O Bg4 5. c4 e6 6. d3 Nbd7 7. Nc3 Bxf3 8. exf3
Be7 9. f4 Nb6 10. b3 O-O 11. Qc2 Nc8 12. Ne2 Nd6 13. c5 Nde8 14. Be3 Nd7 15. Bh3
Nc7 16. b4 a5 17. a3 Ra6 18. Nc3 Qa8 19. Qb2 Bf6 20. d4 b6 21. Rfb1 Rb8 22. cxb6
Nxb6 23. Bf1 Nc4 24. Bxc4 dxc4 25. Ne4 Be7 26. Nc5 Bxc5 27. dxc5 axb4 28. axb4
Nd5 29. Bd2 h5 30. Qe5 Rd8 31. Bc3 f6 32. Qxe6+ Kf8 33. Qe1 Ra2 34. Qc1 Re8 35.
Bd4 Re4 36. Qd1 c3 37. Rxa2 Qxa2 38. Rc1 Qd2 39. Be3 Qxd1+ 40. Rxd1 Rxb4 41. Rc1
Rc4 42. Kf1 Kf7 43. Ke2 Ke6 44. Kd3 Ra4 45. Bd4 Ra2 46. Bxc3 Rxf2 47. Bd4 Rxh2
48. Ke4 Re2+ 49. Kf3 Rd2 50. Bf2 Rd3+ 51. Ke2 Ra3 52. Re1 Kf5 53. Kf1 Ra2 54.
Rb1 Kg4 55. Rb7 g6 56. Rb3 Rc2 57. Rd3 Rc3 58. Rd2 Kf3 59. Kg1 Ra3 60. Kh2 Ra1
61. Bg1 Re1 62. Rf2+ Kg4 63. Rd2 h4 64. gxh4 Nxf4 65. Rd6 Re2+ 66. Kh1 Nh5 67.
Bh2 Kh3 68. Rd3+ Kxh4 69. Kg1 Kg4 70. Bc7 Rc2 71. Rd4+ Kf3 72. Bd6 g5 73. Rd3+
Ke4 74. Rh3 Nf4 75. Rh6 f5 76. Rh7 Kf3 77. Rf7 Ne2+ 0-1

[Event "3rd Sharjah Masters 2019"]
[Site "Sharjah UAE"]
[Date "2019.03.25"]
[Round "4.35"]
[White "Saurabh, Anand"]
[Black "Jeet, Jain"]
[Result "1/2-1/2"]
[BlackTitle "FM"]
[WhiteElo "2385"]
[BlackElo "2219"]
[WhiteFideId "5094496"]
[BlackFideId "5073022"]
[EventDate "2019.03.22"]

1. e4 e5 2. Nf3 Nc6 3. d4 exd4 4. Nxd4 Nf6 5. Nxc6 bxc6 6. e5 Qe7 7. Qe2 Nd5 8.
c4 Nb6 9. Nc3 Ba6 10. Qe4 Qe6 11. b3 Bb4 12. Bd2 Bxc3 13. Bxc3 d5 14. Qh4 dxc4
15. Rc1 Qg6 16. g3 O-O 17. Be2 c5 18. O-O Bb7 19. bxc4 Rfe8 20. Rfe1 Nd7 21. Bh5
Qc6 22. f3 Nf8 23. Qf4 Ng6 24. Qe3 f6 25. e6 Re7 26. Rc2 Rae8 27. Rce2 Bc8 28.
Qd3 Rxe6 29. Rxe6 Bxe6 30. Bxg6 hxg6 31. Bxf6 Bf7 1/2-1/2

[Event "3rd Sharjah Masters 2019"]
[Site "Sharjah UAE"]
[Date "2019.03.25"]
[Round "4.37"]
[White "Sukandar, Irine Kharisma"]
[Black "Sri, Sai Baswanth P"]
[Result "1/2-1/2"]
[WhiteTitle "IM"]
[WhiteElo "2381"]
[BlackElo "2018"]
[WhiteFideId "7101937"]
[BlackFideId "25088793"]
[EventDate "2019.03.22"]

1. e4 g6 2. d4 Bg7 3. Nf3 d6 4. Bc4 Nf6 5. Qe2 O-O 6. O-O Bg4 7. Nbd2 Nc6 8. c3
e5 9. h3 Bxf3 10. Nxf3 exd4 11. cxd4 d5 12. exd5 Nxd5 13. Bg5 Nxd4 14. Nxd4 Qxg5
15. Ne6 fxe6 16. Qxe6+ Kh8 17. Qxd5 Qxd5 18. Bxd5 c6 19. Bf3 Rad8 20. Rfe1 Bxb2
21. Rab1 Rd2 22. Re7 Rb8 23. a4 c5 24. Rc7 Bd4 25. Bxb7 Rxf2 26. Kh1 Ra2 27. Re1
Bf6 28. Bc8 Ra1 29. Rxa1 Bxa1 30. Rxc5 Rb1+ 31. Kh2 Bd4 32. Rb5 Ra1 33. a5 1/2-1/2

[Event "3rd Sharjah Masters 2019"]
[Site "Sharjah UAE"]
[Date "2019.03.25"]
[Round "4.39"]
[White "Darini, Pouria"]
[Black "Krithigga, K"]
[Result "1-0"]
[WhiteTitle "GM"]
[WhiteElo "2474"]
[BlackElo "2002"]
[WhiteFideId "12502200"]
[BlackFideId "25013505"]
[EventDate "2019.03.22"]

1. Nf3 d5 2. g3 Nf6 3. Bg2 c5 4. O-O Nc6 5. d4 e6 6. c4 dxc4 7. Na3 Be7 8. Nxc4
O-O 9. dxc5 Bxc5 10. Nfe5 Nxe5 11. Nxe5 Qe7 12. Qc2 Bd6 13. Nc4 Bc7 14. b3 Rd8
15. Ba3 Qe8 16. Rfd1 Nd5 17. e4 Nb6 18. Bd6 Bxd6 19. Nxd6 Qe7 20. e5 Nd5 21.
Rac1 Bd7 22. Nxb7 Rdc8 23. Qd2 Rxc1 24. Rxc1 Qa3 25. Nd6 Rb8 26. h4 g6 27. h5 a5
28. Bxd5 exd5 29. Qf4 Be6 30. h6 f6 31. Rc7 Rf8 32. Re7 g5 33. Qd2 Bf7 34. Rxf7
Rxf7 35. Qxd5 Qc1+ 36. Kg2 Qc7 37. exf6 Qd7 38. Qxg5+ Kf8 39. Nxf7 1-0

[Event "3rd Sharjah Masters 2019"]
[Site "Sharjah UAE"]
[Date "2019.03.25"]
[Round "4.40"]
[White "Matlakov, Maxim"]
[Black "Sidhant, Mohapatra"]
[Result "1-0"]
[WhiteTitle "GM"]
[BlackTitle "IM"]
[WhiteElo "2692"]
[BlackElo "2348"]
[WhiteFideId "4168003"]
[BlackFideId "5028698"]
[EventDate "2019.03.22"]

1. c4 c6 2. Nf3 d5 3. g3 Nf6 4. Bg2 Bf5 5. O-O e6 6. Qb3 Qb6 7. d3 Nbd7 8. cxd5
exd5 9. Qc2 h6 10. Nc3 Be7 11. e4 dxe4 12. dxe4 Bh7 13. Qe2 Nc5 14. Be3 Qa6 15.
Qxa6 Nxa6 16. Ne5 O-O 17. f3 Rfe8 18. Nc4 b6 19. Rfd1 Rad8 20. Bf1 Bc5 21. Bf2
Bxf2+ 22. Kxf2 Nc7 23. Nd6 Rf8 24. Bc4 Bg6 25. e5 b5 26. Bb3 b4 27. Ne2 Nfe8 28.
Nf4 Kh7 29. Rac1 Nd5 30. Nxg6 fxg6 31. Rxc6 1-0

[Event "3rd Sharjah Masters 2019"]
[Site "Sharjah UAE"]
[Date "2019.03.25"]
[Round "4.41"]
[White "Mareco, Sandro"]
[Black "Sharma, Dinesh K."]
[Result "1-0"]
[WhiteTitle "GM"]
[BlackTitle "IM"]
[WhiteElo "2666"]
[BlackElo "2286"]
[WhiteFideId "112275"]
[BlackFideId "5004110"]
[EventDate "2019.03.22"]

1. c4 e5 2. g3 c6 3. Nf3 e4 4. Nd4 Nf6 5. Bg2 d5 6. cxd5 Qxd5 7. e3 Bc5 8. Nb3
Bd6 9. Nc3 Qe5 10. O-O O-O 11. d3 Bg4 12. Qd2 exd3 13. Qxd3 Na6 14. Nd4 Nb4 15.
Qc4 a5 16. a3 Nbd5 17. Nxd5 cxd5 18. Qd3 Bc5 19. Bd2 Bxd4 20. exd4 Qe2 21. Qxe2
Bxe2 22. Rfe1 Bc4 23. Re7 b6 24. Bg5 Rfe8 25. Bxf6 gxf6 26. Rae1 Kf8 27. R7e3
Rxe3 28. fxe3 b5 29. e4 Rd8 30. exd5 Bxd5 31. Bxd5 Rxd5 32. Re4 Rd6 33. Kf2 Rc6
34. Re2 Rc4 35. Ke3 Ke7 36. Kd3+ Kd6 37. Re8 Rc1 38. Rd8+ Ke6 39. Rb8 Rd1+ 40.
Ke3 Re1+ 41. Kf3 Rf1+ 42. Ke3 Re1+ 43. Kd2 Rh1 44. h4 Kd5 45. Rxb5+ Kxd4 46.
Rxa5 Rh2+ 47. Kc1 Rg2 48. Rf5 Rxg3 49. Rxf6 Rg7 50. a4 Ke5 51. Rb6 f5 52. a5 f4
53. a6 f3 54. Kd2 Kf4 55. Rb7 Rg2+ 56. Kd3 Rg6 57. a7 Rd6+ 58. Kc4 Ra6 59. Kb5
Ra2 60. b4 f2 61. Rf7+ Kg3 62. Kb6 Ra1 63. b5 Ra3 64. Rxf2 1-0

[Event "3rd Sharjah Masters 2019"]
[Site "Sharjah UAE"]
[Date "2019.03.25"]
[Round "4.42"]
[White "Ravi, Thandalam Shanmugam"]
[Black "Mendonca, Leon Luke"]
[Result "0-1"]
[WhiteTitle "IM"]
[BlackTitle "CM"]
[WhiteElo "2276"]
[BlackElo "2446"]
[WhiteFideId "5000238"]
[BlackFideId "35028561"]
[EventDate "2019.03.22"]

1. e4 c5 2. c3 d5 3. exd5 Qxd5 4. d4 Nf6 5. Nf3 Bg4 6. Be2 e6 7. O-O Nc6 8. h3
Bh5 9. Be3 cxd4 10. cxd4 Be7 11. Nc3 Qd6 12. Qb3 O-O 13. Rac1 a6 14. Rfd1 Rfd8
15. Na4 Nd5 16. Nc5 b6 17. Ne4 Qd7 18. Ne5 Nxe5 19. Bxh5 Nc6 20. Bf3 Rac8 21.
Qd3 Ncb4 22. Qb1 Nxe3 23. fxe3 Rxc1 24. Rxc1 f5 25. Nf2 Bg5 26. Re1 Rc8 27. Re2
Qb5 28. a3 Nd5 29. Bxd5 Qxd5 30. Re1 Qb3 31. Nd3 Rc2 32. Qd1 Bxe3+ 33. Kh1 f4
34. Nb4 Rc1 35. Qe2 Qxb2 36. Qf1 Qxa3 37. Rxc1 Qxc1 38. Qxc1 Bxc1 39. Nxa6 Be3
40. Nc7 Kf7 41. d5 exd5 42. Nxd5 Ke6 43. Nc3 Ke5 44. Kh2 Kd4 45. Nb5+ Kc5 46.
Nc7 Kc4 47. Ne6 b5 48. Nxg7 b4 49. Nf5 b3 50. Nd6+ Kb4 0-1

[Event "3rd Sharjah Masters 2019"]
[Site "Sharjah UAE"]
[Date "2019.03.25"]
[Round "4.43"]
[White "Asgarizadeh, Ahmad"]
[Black "Panda, Sambit"]
[Result "1-0"]
[WhiteTitle "IM"]
[WhiteElo "2434"]
[BlackElo "2218"]
[WhiteFideId "12505684"]
[BlackFideId "25091794"]
[EventDate "2019.03.22"]

1. e4 e5 2. Nf3 Nc6 3. Bc4 Nf6 4. d3 Be7 5. O-O O-O 6. a4 d5 7. exd5 Nxd5 8. h3
Kh8 9. Nbd2 f5 10. Re1 Bf6 11. a5 a6 12. Nf1 Be6 13. c3 Bg8 14. Ng3 g6 15. Qb3
Qd6 16. Bh6 Bg7 17. Bxg7+ Kxg7 18. Red1 Nf4 19. Nf1 Bd5 20. N1d2 Rab8 21. Re1
Rfe8 22. Re3 Re7 23. Qa4 b5 24. axb6 cxb6 25. Qa3 Qxa3 26. Rxa3 b5 27. Bxd5 Nxd5
28. Re1 a5 29. c4 b4 30. Raa1 Nf4 31. d4 e4 32. d5 exf3 33. dxc6 Rxe1+ 34. Rxe1
fxg2 35. Nf3 Kf6 36. Nd4 Rd8 37. c7 Rc8 38. Nb5 Ne6 39. Nd6 Rxc7 40. Ne8+ Kf7
41. Nxc7 Nxc7 42. Ra1 1-0

[Event "3rd Sharjah Masters 2019"]
[Site "Sharjah UAE"]
[Date "2019.03.25"]
[Round "4.44"]
[White "Shyaamnikhil, P"]
[Black "Shiva, Pavan Teja Sharma U"]
[Result "1-0"]
[WhiteTitle "IM"]
[WhiteElo "2429"]
[BlackElo "2093"]
[WhiteFideId "5024218"]
[BlackFideId "35063537"]
[EventDate "2019.03.22"]

1. Nf3 Nf6 2. g3 d5 3. Bg2 e6 4. c4 Be7 5. d4 O-O 6. Qc2 dxc4 7. Qxc4 Nbd7 8.
O-O c5 9. dxc5 Nxc5 10. Nc3 Bd7 11. Ne5 Rc8 12. Nxd7 Qxd7 13. Rd1 Qe8 14. Qf4 b6
15. Be3 Rd8 16. Rxd8 Qxd8 17. b4 Ncd7 18. Nb5 a5 19. a3 e5 20. Qc4 Qb8 21. Rc1
Rd8 22. bxa5 Bc5 23. a6 1-0

[Event "3rd Sharjah Masters 2019"]
[Site "Sharjah UAE"]
[Date "2019.03.25"]
[Round "4.45"]
[White "Buksa, Nataliya"]
[Black "Paramzina, Anastasya"]
[Result "1-0"]
[WhiteTitle "IM"]
[BlackTitle "WGM"]
[WhiteElo "2416"]
[BlackElo "2196"]
[WhiteFideId "14123622"]
[BlackFideId "4165012"]
[EventDate "2019.03.22"]

1. e4 c5 2. Nf3 d6 3. d4 cxd4 4. Nxd4 Nf6 5. Nc3 a6 6. Be3 e5 7. Nf3 Qc7 8. a4
Be7 9. Be2 O-O 10. O-O h6 11. Re1 Be6 12. a5 Nbd7 13. Nd5 Nxd5 14. exd5 Bg4 15.
c4 f5 16. b4 Bxf3 17. gxf3 Rae8 18. Rc1 f4 19. Bd2 e4 20. fxe4 Bh4 21. Bc3 Qd8
22. Bf3 Qg5+ 23. Kf1 Ne5 24. c5 h5 25. Bxe5 Qxe5 26. cxd6 g5 27. h3 g4 28. hxg4
hxg4 29. Bxg4 f3 30. Bxf3 Qh2 31. Rc2 Re5 32. Qd3 Rg5 33. Qe3 Qxd6 34. Ke2 Rg7
35. Rh1 Bg5 36. Qb6 Qf4 37. Qe6+ Rgf7 38. Rh3 Kg7 39. Rg3 Kh7 40. Qg4 Qxg4 41.
Bxg4 Rxf2+ 42. Kd3 Rxc2 43. Kxc2 Kg6 44. Bf5+ Kf6 45. Kd3 Rh8 46. d6 Bh4 47.
Rg6+ Ke5 48. Re6+ Kf4 49. d7 Rg8 50. Re8 Rg1 51. Kc2 Rg2+ 52. Kc3 Bf6+ 53. e5
Bh4 54. Bd3 Rg7 55. e6 Bf6+ 56. Kc4 Ke5 57. e7 Rg4+ 58. Kb3 Rg3 59. d8=Q 1-0